[Event "Stroebeck"]
[Site "Stroebeck"]
[Date "2013.06.25"]
[Round "5"]
[White "Prohaszka, Peter"]
[Black "Romanov, Evgeny"]
[Result "1-0"]
[WhiteElo "2554"]
[BlackElo "2662"]
[PlyCount "95"]
[EventDate "2013.06.22"]
[EventType "tourn"]
[EventRounds "9"]
[EventCountry "GER"]
[EventCategory "10"]
[SourceTitle "EXT 2014"]
[Source "ChessBase"]
[SourceDate "2013.11.20"]
[SourceVersion "1"]
[SourceVersionDate "2013.11.20"]
[SourceQuality "1"]

1. Nf3 {Marin,Mihail} d5 2. g3 Bg4 3. Bg2 Nd7 4. c4 e6 5. d3 dxc4 6. dxc4 Ngf6 7. O-O Be7 8. Nc3 O-O ({RR} 8... c6 9. h3 Bxf3 ({RR} 9... Bh5 10. Nh4) 10. exf3 ({RR} 10. Bxf3 Ne5) 10... Nc5 11. Be3 Qd3 12. Ne4 ({RR} 12. Qxd3 Nxd3 13. Na4 O-O 14. f4 Rfd8 15. Rfd1) 12... Nfxe4 13. fxe4 Qxc4 ({RR} 13... O-O 14. b4 Qxd1 15. Raxd1 Na4 16. Rd7 Bxb4 17. Rxb7 Bc5) 14. Rc1 Qb5 15. Qd4 O-O 16. Rxc5) 9. Bf4 $146 ({RR} 9. Nh4 c6 10. h3 Bh5 11. g4 Ne8 ({RR} 11... Bg6 12. Nxg6 hxg6 13. Bf4 e5 14. Bh2 Qc7 15. e3 Rad8 16. Qc2) 12. Nf3 ({RR} 12. gxh5 Bxh4 13. h6 g6) 12... Bg6 13. Bf4 f6 ({RR} 13... h6 14. e4 Nc5 15. Ne5 Bh7 16. Qe2) ({RR} 13... Nef6 14. Nh4 Nxg4 {RR} 15. Nxg6 fxg6) 14. Nd4 Nc5 15. Be3 ({RR} 15. b4 e5) 15... a5 ({RR} 15... Bf7 16. b4 Nd7 17. Bxc6 ({RR} 17. Qb3) 17... Bxb4 18. Ne4 e5 19. Nc2 bxc6 20. Nxb4) 16. Nb3 Nd7 ({RR} 16... Nxb3 17. Qxb3 Qc7 18. Na4) 17. Na4 Qc7 18. Nbc5 Nxc5 19. Nxc5 Bf7 ({RR} 19... Bxc5 20. Bxc5 Rf7 21. Qd4 Rd7 ({RR} 21... Rd8 22. Qe3) 22. Qe3 e5 23. Rad1) 20. Qd7 Bxc5 ({RR} 20... e5 21. Rfd1) ({RR} 20... Rc8 21. Rad1) 21. Qxc7 Nxc7 22. Bxc5 Rfc8 ({RR} 22... Rfd8 23. Bb6 Rd7 24. Rad1 Rad8 25. Rxd7 Rxd7 26. Bxa5) 23. f4 ({RR} 23. Rac1 e5 24. Rfd1 Be6 ({RR} 24... Ne6 25. Bb6) 25. Be4 Kf7 26. f3 g6 27. Kf2 f5 28. Bb1) 23... e5 {Wang,H (2743)-Aronian,L (2813) Stavanger 2013 CBM 155 [Marin,Mihail] ½-½ (37)}) 9... c6 10. Qc2 Qa5 11. h3 Bh5 12. Rfd1 e5 13. Be3 Bg6 14. Qc1 h6 15. a3 Qc7 16. b4 Nb6 17. Nd2 Rad8 18. Qb2 Nh5 19. Qb3 Kh8 20. c5 Nc8 21. Nf3 e4 22. Nd4 f5 23. Nxf5 Bxf5 24. g4 Nf4 25. gxf5 Rde8 26. Bxf4 Qxf4 27. Nxe4 Qxf5 28. Qf3 Qe5 29. Qc3 Qe6 30. Rd3 Bh4 31. Rad1 Rf7 32. Rf3 Ref8 33. Rxf7 Rxf7 34. Rd3 Qa2 35. Rf3 Rxf3 36. Qxf3 Qa1+ 37. Bf1 Ne7 38. Qg4 Bf6 39. Nxf6 Qxf6 40. e3 Qa1 41. Qd7 Nd5 42. Qxb7 Qxa3 43. Qxc6 Nxb4 44. Qe8+ Kh7 45. Qe4+ Kh8 46. Bc4 Qa4 47. Qa8+ Kh7 48. Bf7 1-0

[Event "World op 41st"]
[Site "Arlington"]
[Date "2013.07.07"]
[Round "9"]
[White "Ramirez Alvarez, Alejandro"]
[Black "Shankland, Samuel L"]
[Result "1-0"]
[WhiteElo "2583"]
[BlackElo "2599"]
[PlyCount "61"]
[EventDate "2013.07.01"]
[EventType "swiss"]
[EventRounds "9"]
[EventCountry "USA"]
[SourceTitle "CBM 155 Extra"]
[Source "ChessBase"]
[SourceDate "2013.08.26"]
[SourceVersion "1"]
[SourceVersionDate "2013.08.26"]
[SourceQuality "1"]

1. Nf3 d5 2. c4 d4 3. e3 Nc6 4. exd4 Nxd4 5. Nxd4 Qxd4 6. d3 Nh6 7. Be2 ({RR} 7. Nc3 c6 8. Be3 Qd8 9. d4 Nf5 10. Qd2 g6 11. Be2 Bg7 12. Rd1 O-O 13. O-O Nxe3 14. Qxe3 Re8 15. d5 cxd5 16. Rxd5 Qb6 17. Qxb6 axb6 18. Ra1 Be6 19. Rb5 Bd4 20. Nd5 Bxd5 21. cxd5 Rec8 {Ramirez Alvarez,A (2588)-Tomashevsky,E (2706) Tromsoe 2013 ½-½}) ({RR} 7. Nc3 c6 8. Be3 Qd8 9. d4 Nf5 10. d5 Nxe3 11. fxe3 Qb6 12. Qd4 c5 13. Qd2 g6 14. g3 Bg7 15. Bg2 O-O 16. O-O Bd7 17. Rf2 Rab8 18. Rc1 Qc7 19. Ne2 a6 20. b3 Qd6 21. Nc3 f5 {Strache,M (2275)-Vetoshko,V (2510) Germany GER 2025 0-1 (53)}) 7... g6 8. Bd2 $146 ({RR} 8. Nc3 c6 9. Be3 Qd8 10. O-O Nf5 11. Bc5 Bg7 12. Bf3 O-O 13. Re1 Re8 14. Rc1 e5 15. Ne4 b6 16. Ba3 Bb7 17. b4 a5 18. bxa5 Rxa5 19. Bb4 Rxa2 20. c5 bxc5 21. Nxc5 Ba8 22. Nb3 Qb6 {Nilsson,J (2220)-Warmerdam,M (2500) Chess.com INT 2019 0-1 (34)}) ({RR} 8. Nc3 c6 9. Be3 Qd8 10. g4 f5 11. h3 e5 12. f3 Nf7 13. Qd2 Bh6 14. O-O-O Bxe3 15. Qxe3 Qg5 16. Qxg5 Nxg5 17. d4 exd4 18. Rxd4 Ne6 19. Rd2 O-O 20. h4 Nf4 21. g5 Be6 22. Bf1 Rad8 {Brynell,S (2420)-Hector,J (2502) Gothenburg 2018 ½-½ (66)}) 8... Qd6 9. Bc3 e5 10. d4 Be6 11. Nd2 O-O-O 12. dxe5 Qc5 13. Qa4 Bd7 14. Qb3 Bc6 15. Nf3 Be7 16. O-O Ng4 17. a3 Rhe8 18. h3 Nh6 19. Bb4 Qb6 20. Qc3 Be4 21. Bxe7 Rxe7 22. Ng5 Qc6 23. Nxe4 Qxe4 24. Bf3 Qxe5 25. Bxb7+ Kb8 26. Qb3 Qc5 27. Rad1 Rd6 28. Bf3+ Qb6 29. Qc3 c5 30. Rxd6 Qxd6 31. Rd1 1-0

[Event "GRE-chT 41st"]
[Site "Achaia"]
[Date "2013.07.07"]
[Round "7.1"]
[White "Rapport, Richard"]
[Black "Mastrovasilis, Athanasios"]
[Result "1-0"]
[WhiteElo "2693"]
[BlackElo "2523"]
[PlyCount "143"]
[EventDate "2013.07.02"]
[EventType "team-swiss"]
[EventRounds "7"]
[EventCountry "GRE"]
[SourceTitle "CBM 155 Extra"]
[Source "ChessBase"]
[SourceDate "2013.08.26"]
[SourceVersion "1"]
[SourceVersionDate "2013.08.26"]
[SourceQuality "1"]
[WhiteTeam "Panionios GSS"]
[BlackTeam "Thessaloniki HS"]
[WhiteTeamCountry "GRE"]
[BlackTeamCountry "GRE"]

1. Nf3 d5 2. b3 Bg4 3. Ne5 Bf5 4. e3 Nd7 ({RR} 4... f6 5. Bd3 Bxd3 6. Nxd3 e5 7. Bb2 Nc6 8. Nc3 Qd7 9. e4 dxe4 10. Nxe4 O-O-O 11. Ndc5 Bxc5 12. Nxc5 Qd5 13. Qg4+ Kb8 14. Ne4 Nh6 15. Qe2 f5 16. Ng3 Qxg2 17. O-O-O g6 18. h3 Rhe8 19. Rhe1 {Juez Villar,E (1996)-Becerra,J (2309) Donostia ESP 2024 0-1 (43)}) 5. Nxd7 Qxd7 6. Bb2 Nf6 ({RR} 6... e6 7. d3 Nf6 8. Nd2 O-O-O 9. Be2 Kb8 10. a3 Bd6 11. c4 Qe7 12. b4 c6 13. Qa4 Bc7 14. Bd4 b6 15. Rc1 e5 16. Bb2 d4 17. e4 Bd7 18. Qb3 Be6 19. a4 Nd7 20. a5 b5 21. O-O {Rapport,R (2704)-Rohl Montes,J (2390) Tromsoe 2014 0-1 (59)}) 7. c4 $146 ({RR} 7. d4 e6 8. Nd2 Ne4 9. Nxe4 Bxe4 10. f3 Bg6 11. Qd2 Bd6 12. c4 a6 13. b4 O-O 14. a4 f6 15. Bd3 Bxd3 16. Qxd3 e5 17. dxe5 Bxe5 18. Bxe5 fxe5 19. O-O {½-½ (19) Sertic,R (2337)-Pucovski,M (2321) Bosnjaci 2005}) ({RR} 7. Be2 e6 8. g4 Bg6 9. d3 O-O-O 10. Nd2 Qe8 11. f4 h5 12. g5 Nd7 13. Bf3 e5 14. f5 Bxf5 15. Bxd5 Bg4 16. Bf3 f5 17. gxf6 Nxf6 18. h3 e4 19. Bxg4+ hxg4 20. Bxf6 gxf6 21. Qxg4+ Kb8 {Romanov,E (2640)-Motylev,A (2658) Zuerich 2017 0-1 (38)}) 7... e6 8. cxd5 exd5 9. Be2 Be7 10. d3 c5 11. Nd2 O-O 12. Rc1 Rac8 13. Nf3 d4 14. e4 Be6 15. O-O Qd8 16. Ng5 Bd7 17. f4 h6 18. Nh3 Bxh3 19. gxh3 Rc6 20. Rc2 Qd7 21. Bf3 Ne8 22. Bg4 f5 23. Bxf5 Rxf5 24. Qg4 Nd6 25. Rg2 Bf8 26. exf5 Nxf5 27. Re1 Qf7 28. Bc1 Rf6 29. Qe2 a5 30. Qe8 Nh4 31. Qxf7+ Kxf7 32. Rf2 Nf5 33. Rfe2 Be7 34. Re4 b6 35. Kf1 Bd6 36. Kg2 Rg6+ 37. Kh1 Be7 38. Re5 Rf6 39. R1e2 Bd6 40. Re8 Ne7 41. Rd8 Nf5 42. Rd7+ Be7 43. Bd2 Ke8 44. Rb7 Kf8 45. Re5 Bd6 46. Re4 Be7 47. Be1 Rc6 48. Re5 g6 49. Re4 Rd6 50. Kg2 Rc6 51. Kf3 h5 52. Ke2 Rd6 53. Bd2 Rc6 54. Kd1 Rd6 55. Kc1 Rc6 56. Kb2 Rf6 57. Be1 Rc6 58. Bf2 Bd6 59. Kb1 Be7 60. Be1 Rd6 61. Kc1 Rc6 62. Kb2 Bd6 63. b4 cxb4 64. Re6 Ne3 65. Rf6+ Ke8 66. Rxg6 Kf8 67. Rf6+ Ke8 68. Rh6 a4 69. Rh8+ Bf8 70. Bxb4 Nd1+ 71. Kb1 Nc3+ 72. Ka1 1-0

[Event "Beijing FIDE GP"]
[Site "Beijing"]
[Date "2013.07.11"]
[Round "7"]
[White "Grischuk, Alexander"]
[Black "Wang, Yue"]
[Result "1-0"]
[WhiteElo "2780"]
[BlackElo "2705"]
[PlyCount "153"]
[EventDate "2013.07.04"]
[EventType "tourn"]
[EventRounds "11"]
[EventCountry "CHN"]
[EventCategory "21"]
[SourceTitle "CBM 156"]
[Source "ChessBase"]
[SourceDate "2013.09.17"]
[SourceVersion "1"]
[SourceVersionDate "2013.09.17"]
[SourceQuality "1"]

1. Nf3 d5 2. g3 Nf6 3. Bg2 c6 4. O-O g6 5. d3 Bg7 6. Nbd2 O-O 7. e4 a5 8. a4 ({RR} 8. e5 Ng4 9. d4 Na6 10. c3 Nh6 11. Re1 c5 12. a4 Bg4 13. h3 Bxf3 14. Nxf3 e6 15. Bf4 Nf5 16. g4 Nh4 17. Nxh4 Qxh4 18. Bg3 Qe7 19. f4 cxd4 20. cxd4 Rfc8 21. Rc1 Nb4 22. Bf1 Qd8 {Vaz,V (1481)-Ribeiro,R (1899) Florianopolis BRA 2025 0-1 (49)}) 8... Bg4 ({RR} 8... Na6 9. Re1 dxe4 10. dxe4 Nb4 11. h3 h6 12. c3 Nd3 13. Re3 Nxc1 14. Rxc1 Qb6 15. Qc2 Rd8 16. Bf1 Nd7 17. e5 Nc5 18. Nd4 Ne6 19. N2f3 c5 20. Nb5 Bd7 21. Bc4 Nf8 22. Nd2 Bxh3 23. Bf1 {Naroditsky,D (2619)-Erigaisi,A (2778) chess.com INT 2024 1-0 (38)}) 9. e5 $146 ({RR} 9. h3 Bxf3 10. Qxf3 e5 11. b3 Nbd7 12. Qe2 Re8 13. Nf3 Nc5 14. Ba3 dxe4 15. Bxc5 exf3 16. Bxf3 e4 17. dxe4 Nd5 18. Rae1 Nc3 19. Qe3 f5 20. Qf4 Nxe4 21. Bxe4 fxe4 22. Rxe4 Qd5 23. Rxe8+ Rxe8 {Mortazavi,A (2333)-Kokoszczynski,J (2219) Chess.com INT 2021 1-0 (66)}) ({RR} 9. h3 Bxf3 10. Qxf3 e5 11. b3 Nbd7 12. Qe2 Re8 13. Nf3 Nc5 14. Ba3 dxe4 15. Bxc5 exf3 16. Bxf3 e4 17. dxe4 Nd5 18. Rae1 Nc3 19. Qe3 f5 20. Qf4 Nxe4 21. Bxe4 fxe4 22. Rxe4 Qd5 23. Rxe8+ Rxe8 {Mortazavi,A (2333)-Kokoszczynski,J (2219) Chess.com INT 2021 1-0 (66)}) 9... Nfd7 10. d4 c5 11. h3 Bxf3 12. Nxf3 cxd4 13. e6 fxe6 14. Nxd4 Nc5 15. Re1 Ra6 16. c3 Nbd7 17. Be3 Kh8 18. Nb5 Qc8 19. Rc1 Rd8 20. b4 Ne4 21. c4 axb4 22. cxd5 Nc3 23. Nxc3 bxc3 24. Bd4 Bxd4 25. Qxd4+ e5 26. Qb4 Qc5 27. Qxc5 Nxc5 28. Rxc3 Nd7 29. Re4 Rd6 30. Rc7 b6 31. Re1 Kg7 32. f4 exf4 33. Rxe7+ Kf6 34. Rxh7 fxg3 35. Rc3 Ne5 36. Rxg3 Rc8 37. Rh4 Rc4 38. Rxc4 Nxc4 39. Kf2 g5 40. Rg4 Ne5 41. Rd4 Ng6 42. Kg3 Ke5 43. Rg4 Kf6 44. Rc4 Ne7 45. Rc3 Kg7 46. Rd3 Rh6 47. Kg4 Kf6 48. d6 Rh4+ 49. Kg3 Nf5+ 50. Kf3 Nd4+ 51. Kf2 Ne6 52. d7 Ke7 53. Bc6 Nd8 54. Bb5 g4 55. hxg4 Rxg4 56. Rh3 Kd6 57. Rc3 Rb4 58. Ke3 Ke7 59. Rc8 Rxb5 60. axb5 Kxd7 61. Rb8 Kc7 62. Ra8 Ne6 63. Ke4 Kd6 64. Rc8 Nc5+ 65. Kd4 Nb3+ 66. Kc3 Na5 67. Rh8 Kc5 68. Rh5+ Kd6 69. Rg5 Kc7 70. Kd4 Nb3+ 71. Kd5 Na5 72. Rg7+ Kc8 73. Kd6 Kb8 74. Rc7 Ka8 75. Rc8+ Kb7 76. Kd7 Ka7 77. Kc7 1-0

[Event "SWE-ch"]
[Site "Oerebro"]
[Date "2013.07.06"]
[Round "1"]
[White "Hillarp Persson, Tiger"]
[Black "Hector, Jonny"]
[Result "1-0"]
[WhiteElo "2528"]
[BlackElo "2509"]
[PlyCount "127"]
[EventDate "2013.07.06"]
[EventType "tourn"]
[EventRounds "9"]
[EventCountry "SWE"]
[EventCategory "10"]
[SourceTitle "CBM 155 Extra"]
[Source "ChessBase"]
[SourceDate "2013.08.26"]
[SourceVersion "1"]
[SourceVersionDate "2013.08.26"]
[SourceQuality "1"]

1. Nf3 {Besenthal,Klaus Guenter} d5 2. c4 d4 3. b4 f6 4. Na3 e5 5. Nc2 b5 $146 ({RR} 5... a5 6. b5 Bg4 7. d3 Nd7 8. g3 Bxf3 9. exf3 Bd6 10. Bg2 Nc5 11. O-O Ne7 12. f4 O-O 13. fxe5 fxe5 14. Ba3 Qc8 15. Bxc5 Bxc5 16. Qe2 Ng6 17. Qe4 c6 18. bxc6 bxc6 19. Qxc6 Qxc6 20. Bxc6 {Burmakin,V (2504)-Blasco Coll,A (2144) Montcada 2017 1-0 (33)}) ({RR} 5... c5 6. bxc5 Bxc5 7. d3 Nc6 8. g3 Nge7 9. Bg2 O-O 10. O-O Be6 11. Nd2 f5 12. Rb1 b6 13. Ba3 Bxa3 14. Nxa3 Rc8 15. Qa4 Qd7 16. Nb5 a5 17. Qa3 Nb4 18. Nf3 Ng6 19. Ng5 Kh8 20. Nxe6 {Aronian,L (2792)-Caruana,F (2804) Paris 2016 CBM 173 [Besenthal,Klaus Guenter] 1-0 (60)}) ({RR} 5... a5 6. b5 Bc5 7. d3 Ne7 8. g3 O-O 9. Bg2 Be6 10. Nd2 Ra7 11. Nb3 Nd7 12. Nxc5 Nxc5 13. Ba3 b6 14. O-O Bc8 15. Qd2 Qd6 16. f4 Bb7 17. fxe5 Qxe5 18. Bxb7 Rxb7 19. Rf4 Rd8 20. Bb2 {Ivanchuk,V (2619)-Frischmann,R (2344) chess.com INT 2025 1-0}) ({RR} 5... Na6 6. c5 Ne7 7. a3 c6 8. e4 Nc7 9. Bc4 Be6 10. Bxe6 Nxe6 11. d3 Qd7 12. g3 g6 13. Nd2 Bg7 14. Nc4 O-O 15. O-O Rab8 16. a4 b6 17. cxb6 axb6 18. a5 Nc8 19. Ne1 b5 20. Nd2 {Hillarp Persson,T (2544)-Rodshtein,M (2674) Batumi 2018 0-1 (51)}) ({RR} 5... a5 6. b5 c5 7. bxc6 Nxc6 8. d3 Bc5 9. g3 f5 10. Bg2 Nf6 11. O-O O-O 12. e3 dxe3 13. Bxe3 Bxe3 14. Nxe3 f4 15. Nd5 Bg4 16. Qb3 {½-½ (16) Keilhack,H (2250)-Schroeder,C (2169) Templin 2018}) 6. cxb5 a6 7. e4 Be6 8. Bb2 axb5 9. Bxb5+ c6 10. Bd3 c5 11. bxc5 Bxc5 12. Nxe5 fxe5 13. Qh5+ Kf8 14. Qxe5 Qe7 15. Nxd4 Bxd4 16. Qxd4 Nf6 17. O-O Kf7 18. Qe3 Rd8 19. Be2 Rxa2 20. Rxa2 Bxa2 21. Bxf6 gxf6 22. d4 Nd7 23. Ra1 Qb4 24. Qc1 Bb3 25. Rb1 Ke8 26. e5 Qxd4 27. Rxb3 Nxe5 28. h3 Qd2 29. Bh5+ Kf8 30. Qc5+ Qd6 31. Qa7 Qe7 32. Rb7 Rd7 33. Rb8+ Kg7 34. Qe3 Ng6 35. Qxe7+ Rxe7 36. g3 Ra7 37. Bg4 Ra2 38. Rb7+ Kh6 39. h4 Ra5 40. Kg2 Re5 41. Rf7 Re4 42. Bf5 Re5 43. Bh3 Re2 44. Rxf6 Kg7 45. Ra6 h5 46. Bf5 Ne7 47. Re6 Rxe6 48. Bxe6 Kf6 49. Bd7 Kf7 50. Bb5 Nc8 51. Kf3 Nd6 52. Bd3 Kf6 53. Kf4 Nf7 54. Bc4 Nd6 55. Be2 Kg6 56. Ke5 Nf7+ 57. Ke6 Nd8+ 58. Kd5 Nf7 59. Bb5 Kh6 60. Be8 Nd8 61. f4 Nb7 62. f5 Na5 63. f6 Nb3 64. Bxh5 1-0

[Event "Universiad Men 27th"]
[Site "Kazan"]
[Date "2013.07.11"]
[Round "4"]
[White "Andriasian, Zaven"]
[Black "Tomczak, Jacek"]
[Result "1-0"]
[WhiteElo "2620"]
[BlackElo "2564"]
[PlyCount "57"]
[EventDate "2013.07.09"]
[EventType "swiss"]
[EventRounds "9"]
[EventCountry "RUS"]
[SourceTitle "CBM 155 Extra"]
[Source "ChessBase"]
[SourceDate "2013.08.26"]
[SourceVersion "1"]
[SourceVersionDate "2013.08.26"]
[SourceQuality "1"]

1. Nf3 Nf6 2. g3 g6 3. Bg2 Bg7 4. O-O d5 5. d3 O-O 6. Nbd2 Re8 7. e4 e5 8. Re1 ({RR} 8. c3 dxe4 9. dxe4 Nbd7 10. b4 a5 11. Bb2 Nb6 12. Qc2 Bd7 13. a3 Ba4 14. Qc1 Bh6 15. c4 Nxe4 16. Nxe4 Bxc1 17. Raxc1 Bc6 18. Nxe5 Bxe4 19. Bxe4 axb4 20. Bxb7 Qd2 21. Rb1 Rab8 22. Bc6 Re6 {Petrosian,T (2601)-Kuzubov,Y (2699) Riadh 2017 0-1 (32)}) 8... c5 ({RR} 8... c6 9. Qe2 Nbd7 10. Nf1 b6 11. Bg5 Bb7 12. N3d2 h6 13. Bxf6 Nxf6 14. f3 Qd7 15. Rad1 Rad8 16. Nb3 Qc7 17. Qf2 dxe4 18. dxe4 c5 19. Ne3 Bc6 20. Nc1 Nh7 21. Ne2 Rxd1 22. Rxd1 Rd8 23. Qe1 {Slivova,L (1257)-Martirosyan,D (1700) Herlikovice 2021 ½-½ (38)}) 9. exd5 $146 ({RR} 9. h4 Nc6 10. c3 b6 11. Nh2 Ba6 12. exd5 Nxd5 13. Nc4 Rc8 14. Qe2 b5 15. Ne3 Nf4 16. gxf4 exf4 17. Bxc6 Rxc6 18. Qf3 fxe3 19. Qxc6 e2 20. Rb1 Re6 21. Qf3 Qe7 22. Qa8+ Bf8 23. Bh6 Bb7 {Glebovsky,A (1642)-Plassmann,D (1742) Werther 2005 1-0}) 9... Nxd5 10. Ne4 Qc7 11. c4 Ne7 12. Bg5 Nd7 13. Qd2 f6 14. Bh6 Bxh6 15. Qxh6 Nf5 16. Qd2 Nd6 17. Nxd6 Qxd6 18. d4 cxd4 19. Nxd4 Nb6 20. Nb3 Qe7 21. c5 Rd8 22. Qe2 Nd5 23. f4 a5 24. fxe5 a4 25. Qc4 axb3 26. Bxd5+ Kg7 27. Qc3 f5 28. e6+ Qf6 29. Bxb3 1-0

[Event "Universiad Men 27th"]
[Site "Kazan"]
[Date "2013.07.12"]
[Round "6"]
[White "Amin, Bassem"]
[Black "Andreikin, Dmitry"]
[Result "1-0"]
[WhiteElo "2650"]
[BlackElo "2727"]
[PlyCount "169"]
[EventDate "2013.07.09"]
[EventType "swiss"]
[EventRounds "9"]
[EventCountry "RUS"]
[SourceTitle "CBM 155 Extra"]
[Source "ChessBase"]
[SourceDate "2013.08.26"]
[SourceVersion "1"]
[SourceVersionDate "2013.08.26"]
[SourceQuality "1"]

1. e4 c5 2. Nf3 e6 3. d3 Nc6 4. g3 d5 5. Nbd2 g6 6. Bg2 Bg7 7. O-O Nge7 8. Re1 O-O 9. h4 e5 10. exd5 Nxd5 11. c3 h6 12. Qb3 Nde7 13. Nc4 Be6 14. Qxb7 Rb8 15. Qa6 Qxd3 16. Nfd2 f5 17. Bf1 Qd5 18. Ne3 $146 ({RR} 18. Nb3 f4 19. Ncd2 fxg3 20. fxg3 Rxf1+ 21. Nxf1 c4 22. Nbd2 Nf5 23. Ne4 Nd6 24. Nxd6 Qxd6 25. Qa4 e4 26. Bf4 Ne5 27. Bxe5 Bxe5 28. Re3 Rxb2 29. Rd1 Qf8 30. Rd2 Rxd2 31. Nxd2 Qc5 32. Nf1 Bh3 {Amin,B (2637)-Ekdyshman,M (2365) Dubai 2014 1-0 (53)}) 18... Qd8 19. Nb3 f4 20. Bc4 Bxc4 21. Qxc4+ Kh8 22. Nf1 Qc8 23. Qe4 Nf5 24. Nxc5 fxg3 25. Nxg3 Nd8 26. b4 Nf7 27. Be3 N7d6 28. Qg4 Nxg3 29. Qxc8 Rbxc8 30. fxg3 e4 31. Rac1 Rf3 32. Bf4 Nf5 33. Nxe4 Nxh4 34. Rf1 Rxf1+ 35. Kxf1 g5 36. Be3 Nf5 37. Bxa7 Rc4 38. g4 Ne7 39. Nf2 Nd5 40. b5 Kg8 41. b6 Bd4 42. Rd1 Nxc3 43. Rxd4 Rxd4 44. b7 Rb4 45. b8=Q+ Rxb8 46. Bxb8 Nxa2 47. Ke2 Kf7 48. Ne4 Nb4 49. Be5 Nd5 50. Kf3 Kg6 51. Ng3 Ne7 52. Ke4 Nc6 53. Bd6 Na5 54. Kd5 Nb3 55. Bb4 Nc1 56. Kc4 Ne2 57. Nxe2 h5 58. gxh5+ Kxh5 59. Kd5 g4 60. Ng3+ Kg5 61. Ke5 Kg6 62. Kf4 Kf6 63. Kxg4 Ke6 64. Kf4 Kd5 65. Nf5 Kc4 66. Bd6 Kd5 67. Be5 Kc4 68. Ke4 Kc5 69. Ne7 Kb6 70. Kd5 Ka6 71. Kc6 Ka5 72. Nd5 Ka6 73. Nb6 Ka7 74. Bd6 Ka6 75. Bb8 Ka5 76. Nd5 Ka4 77. Kc5 Kb3 78. Nb4 Kc3 79. Bf4 Kb3 80. Bd2 Ka3 81. Kc4 Kb2 82. Be3 Ka3 83. Nd3 Ka4 84. Bd2 Ka3 85. Bb4+ 1-0

[Event "Biel MTO op 46th"]
[Site "Biel"]
[Date "2013.07.27"]
[Round "6"]
[White "Harikrishna, Pentala"]
[Black "Salem, AR Saleh"]
[Result "1-0"]
[WhiteElo "2680"]
[BlackElo "2531"]
[PlyCount "111"]
[EventDate "2013.07.22"]
[EventType "swiss"]
[EventRounds "11"]
[EventCountry "SUI"]
[SourceTitle "CBM 155 Extra"]
[Source "ChessBase"]
[SourceDate "2013.08.26"]
[SourceVersion "1"]
[SourceVersionDate "2013.08.26"]
[SourceQuality "1"]

1. Nf3 c5 2. b3 d5 3. e3 Nf6 4. Bb2 e6 5. g3 Nc6 ({RR} 5... Bd6 6. Bg2 O-O 7. O-O Nc6 8. c4 Qe7 9. Nc3 a6 10. Re1 Rd8 11. cxd5 exd5 12. d4 Bg4 13. h3 Bh5 14. Ne2 cxd4 15. Nexd4 Bg6 16. Nh4 Be5 17. Rc1 Rac8 18. Nxc6 bxc6 19. Bxe5 Qxe5 20. Qd4 {Blatny,P (2560)-Shaked,T (2535) New York 1998 1-0 (31)}) 6. Bg2 Bd6 7. d4 ({RR} 7. O-O O-O 8. c4 e5 9. cxd5 Nxd5 10. d4 cxd4 11. exd4 e4 12. Ne5 f5 13. Nxc6 bxc6 14. Nd2 Be6 15. Nc4 Be7 16. f3 exf3 17. Qxf3 Bf6 18. Rae1 Re8 19. Kh1 g6 20. Ne5 Rc8 21. Qd3 Qd6 {Blanco Diez,D (2274)-Kleimenov,N (2123) chess.com INT 2025 1-0 (38)}) 7... cxd4 $146 ({RR} 7... Ne4 8. O-O h5 9. dxc5 Nxc5 10. Bxg7 Rg8 11. Bb2 Qc7 12. Nbd2 e5 13. Nh4 e4 14. Qxh5 Be6 15. c4 Bh3 16. Bxh3 Bxg3 17. hxg3 Rxg3+ 18. fxg3 Qxg3+ 19. Ng2 {1-0 (19) Bacsi,A (2060)-Banfe,P Budapest 2002}) 8. Nxd4 e5 9. Nxc6 bxc6 10. O-O Bg4 11. Qd3 Nd7 12. c4 e4 13. Qd2 Ne5 14. cxd5 Nf3+ 15. Bxf3 Bxf3 16. dxc6 Qe7 17. Qd4 f6 18. Qc4 Qf7 19. Nd2 Qxc4 20. Nxc4 Bc7 21. Rfc1 Be2 22. Nd2 Bd3 23. f3 Bb6 24. Kf2 O-O-O 25. fxe4 Rhe8 26. b4 Bb5 27. Nf3 Rxe4 28. Bd4 Ba4 29. Bxb6 axb6 30. Nd4 Kc7 31. Rab1 Re5 32. b5 Rdd5 33. Rb4 Bxb5 34. e4 Rxd4 35. Rxd4 Bxc6 36. Rdc4 Re6 37. g4 b5 38. Rd4 Kb6 39. Ke3 Kb7 40. Rb4 Ka6 41. h4 Ka5 42. Rd4 Kb6 43. Kf4 Kb7 44. Rb4 Ka6 45. g5 Ka5 46. Rd4 Kb6 47. Rc3 Re5 48. Rb4 h6 49. gxf6 gxf6 50. a4 Rh5 51. axb5 Bd7 52. Kg3 Re5 53. Rd4 Be6 54. Kf4 Kxb5 55. Rd6 h5 56. Rc7 1-0

[Event "Dresden ZMD op 22nd"]
[Site "Dresden"]
[Date "2013.08.16"]
[Round "7"]
[White "Teske, Henrik"]
[Black "Prohaszka, Peter"]
[Result "1-0"]
[WhiteElo "2536"]
[BlackElo "2567"]
[PlyCount "83"]
[EventDate "2013.08.10"]
[EventType "swiss"]
[EventRounds "9"]
[EventCountry "GER"]
[SourceTitle "CBM 155 Extra"]
[Source "ChessBase"]
[SourceDate "2013.08.26"]
[SourceVersion "1"]
[SourceVersionDate "2013.08.26"]
[SourceQuality "1"]

1. Nf3 d5 2. g3 c6 3. Bg2 Bg4 4. O-O e6 5. d3 Bd6 6. e4 Nd7 7. h3 Bh5 8. Nbd2 Ne7 9. b3 O-O 10. Bb2 a5 ({RR} 10... e5 11. d4 f5 12. dxe5 Bxe5 13. Bxe5 Nxe5 14. exf5 Nxf3+ 15. Nxf3 Bxf3 16. Qxf3 Nxf5 17. Qd3 Qf6 18. c4 dxc4 19. Qxc4+ Qf7 20. Qc5 Qe7 21. Qxe7 Nxe7 22. Rfe1 Nf5 23. Rad1 Rad8 24. Rxd8 Rxd8 25. g4 {Movsesian,S (2711)-Fressinet,L (2658) Ohrid 2009 1-0 (62)}) 11. a3 Qc7 $146 ({RR} 11... b5 12. g4 Bg6 13. e5 Bc7 14. Qe2 c5 15. Ne1 a4 16. f4 Ra6 17. Nef3 h6 18. c4 Rb6 19. b4 cxb4 20. axb4 bxc4 21. dxc4 Rxb4 22. Ba3 Rb8 23. Kh1 Nb6 24. Rad1 Bc2 25. Rc1 Bb3 26. Nxb3 {Kengis,E (2470)-Smagin,S (2550) Nabereznye Chelny 1988 0-1 (39)}) ({RR} 11... Qb6 12. Qe1 Rae8 13. Kh1 e5 14. Nh2 f6 15. f4 exf4 16. gxf4 Qc7 17. Qh4 Bf7 18. e5 fxe5 19. f5 Kh8 20. Ng4 Ng8 21. Nf3 Ndf6 22. Ng5 h6 23. Rae1 Nxg4 24. hxg4 Qd8 25. Bc1 Be7 26. Nxf7+ {Gubajdullin,A (2238)-Filgueira,H (2283) chess.com INT 2024 1-0 (34)}) ({RR} 11... f6 12. d4 a4 13. c4 axb3 14. Qxb3 Bf7 15. Rfe1 Bc7 16. Qc2 h6 17. Bc3 Re8 18. Bb4 Nb6 19. Bxe7 Rxe7 20. c5 Nd7 21. exd5 cxd5 22. Nh4 Nf8 23. Re3 Ra7 24. Rae1 Re8 25. Bf1 Qd7 26. Qb2 {Sevgi,V (2266)-Blagojevic,D (2486) Veliko Gradiste 2018 ½-½ (31)}) 12. d4 e5 13. c4 exd4 14. cxd5 cxd5 15. Rc1 Qb8 16. exd5 Nxd5 17. Nc4 Bc5 18. Qd2 Bxf3 19. Bxf3 N7f6 20. Nxa5 Qa7 21. b4 Bb6 22. Nc4 Rad8 23. Kg2 Qa6 24. Rfe1 Ba7 25. Re5 h6 26. Qd3 Rd7 27. Qb3 b5 28. Na5 Qd6 29. Nc6 Nb6 30. Rxb5 Nc8 31. Rd1 d3 32. Ne5 Re7 33. Rxd3 Qc7 34. Rb7 Qxb7 35. Bxb7 Rxb7 36. Nc6 Bb6 37. Bxf6 gxf6 38. a4 Na7 39. Qd5 Rc7 40. Nxa7 Bxa7 41. a5 Rc2 42. Rf3 1-0